SOCIOLOGIA. MAGGIO-DICEMBRE 1979. RIVISTA DI SCIENZE SOCIALI. (Record n. 326198)

Dettagli MARC
000 -LEADER
fixed length control field 01972nas a2200277Ia 4500
001 - CONTROL NUMBER
control field R300-R7604
003 - CONTROL NUMBER IDENTIFIER
control field IT-CnALBA
008 - FIXED-LENGTH DATA ELEMENTS--GENERAL INFORMATION
fixed length control field 170116c99999999xx |||||||||||| ||und||
040 ## - CATALOGING SOURCE
Original cataloging agency IT-CnALBA
Transcribing agency IT-CnALBA
041 ## - LANGUAGE CODE
Language code of text/sound track or separate title ITALIANO
999 ## - SYSTEM CONTROL NUMBERS (KOHA)
Koha Dewey Subclass [OBSOLETE] NO
100 ## - MAIN ENTRY--PERSONAL NAME
Personal name DE ROSA GABRIELE
210 ## - ABBREVIATED TITLE
Abbreviated title SOCIOLOGIA
222 ## - KEY TITLE
Key title SOCIOLOGIA
245 #0 - TITLE STATEMENT
Title SOCIOLOGIA. MAGGIO-DICEMBRE 1979. RIVISTA DI SCIENZE SOCIALI.
250 ## - EDITION STATEMENT
Edition statement 1a ed.
260 ## - PUBLICATION, DISTRIBUTION, ETC. (IMPRINT)
Place of publication, distribution, etc. ROMA
Name of publisher, distributor, etc. STURZO L. STUDI, CENTRO INTERN.
Date of publication, distribution, etc. 1979 [1° Ed.:1979 - Ed.Ling.Originale: 1979]
300 ## - PHYSICAL DESCRIPTION
Extent 268 p.
310 ## - CURRENT PUBLICATION FREQUENCY
Current publication frequency SEMESTRALE
362 ## - DATES OF PUBLICATION AND/OR SEQUENTIAL DESIGNATION
Dates of publication and/or sequential designation Fascicolo: 2-3 / Anno: 13 (1979)
500 ## - GENERAL NOTE
General note DI LEO A. CESTARO A. M. ABBONDANZA. FIOCCA G. ROBERTAZZI E. VOLPE FR. D'ANDREA G. P. AVAGLIANO L. SALIMBENI F. DAL PARTITO POPOLARE ALLA DC. CONTRIBUTO DI LUIGI STURZO AI DIRITTI DELL'UOMO. APPROCCIO ANTROPOLOGICO DI STORIA LOCALE. PROSPETTIVA MITOLOGICA IN CLAUDE LEVI STRAUSS. BINOMIO MALINOS WSKI FIRTH. ORIGINI SOCIOLOGIA EMPIRICA IN FRANCIA. INFANZIA E TERRITORIO SOCIALE. MONDO CATTOLICO E IMPEGNO SOCIALE FINE SECONDA GUERRA MONDIALE. CONFRONTO TRA AGGREGAZIONE CULTURALE E POLI DI SVILUPPO NEL MESSINESE. CAPITALI. SMO MATURO. RELIGIONE E POLITICA IN A. GRAMSCI.
501 ## - WITH NOTE
With note Società San Paolo EM - Piazza San Paolo, 14 - 12051 ALBA (CN) (non commercial uses only) ® Copyright 2017
520 ## - SUMMARY, ETC.
Summary, etc. DI LEO A. CESTARO A. M. ABBONDANZA. FIOCCA G. ROBERTAZZI E. VOLPE FR. D'ANDREA G. P. AVAGLIANO L. SALIMBENI F. DAL PARTITO POPOLARE ALLA DC. CONTRIBUTO DI LUIGI STURZO AI DIRITTI DELL'UOMO. APPROCCIO ANTROPOLOGICO DI STORIA LOCALE. PROSPETTIVA MITOLOGICA IN CLAUDE LEVI STRAUSS. BINOMIO MALINOS WSKI FIRTH. ORIGINI SOCIOLOGIA EMPIRICA IN FRANCIA. INFANZIA E TERRITORIO SOCIALE. MONDO CATTOLICO E IMPEGNO SOCIALE FINE SECONDA GUERRA MONDIALE. CONFRONTO TRA AGGREGAZIONE CULTURALE E POLI DI SVILUPPO NEL MESSINESE. CAPITALI. SMO MATURO. RELIGIONE E POLITICA IN A. GRAMSCI.
650 ## - SUBJECT ADDED ENTRY--TOPICAL TERM
Topical term or geographic name as entry element SOCIOLOGIA
942 ## - ADDED ENTRY ELEMENTS (KOHA)
Koha item type RIVISTA
957 ## -
-- 1
999 ## - SYSTEM CONTROL NUMBERS (KOHA)
-- 1
Dati di copia
Withdrawn status Lost status Damaged status Not for loan Home library Current library Date acquired Total Checkouts Full call number Date last seen Price effective from Koha item type Public note
    Buone Condizioni Not For Loan ALBA - Biblioteca ALBA - Biblioteca 16/01/2017   R300-R7604 16/01/2017 16/01/2017 RIVISTA (data import: 16 gennaio 2017) - By Epidotti, Vaglietti.
CREDITS: SOCIETA' SAN PAOLO Via A.Severo, 58 - ROMA (RM) & PERIODICI SAN PAOLO SRL Via Giotto, 36 MILANO & CISF Via Giotto, 36 MILANO & EDIZIONI SAN PAOLO SRL,  Piazza Soncino, 5 CINISELLO BALSAMO (MI) -- ITALY